000
00245nam a22000977a 4500
008
240404b |||||||| |||| 00| 0 eng d
020
_a
9780310738305
100
_a
Lewis Gregg
_9
7758
245
_a
Gifted Hands
260
_a
Michigan
_b
Zonder Kidz
_c
2013
999
_c
12554
_d
12554